Trh s ovocím 2002

Pohľad na produkciu ovocia v roku 2002 na Slovensku. Vývoj cien jabĺk. Vývoj nákupných cien broskýň. Odbytové ceny ovocia vypestovaného na Slovensku a z dovozu. Záporná bilancia zahraničného obchodu s ovocím. Očakávaný vývoj produkcie ovocia v roku 2003.

Gespeichert in:
Bibliographische Detailangaben
1. Verfasser: Konečná, Viera
Format: Buchkapitel
Sprache:Slowakisch
Schlagworte:
Tags: Tag hinzufügen
Keine Tags, Fügen Sie das erste Tag hinzu!

MARC

LEADER 00000naa a2200000 4500
001 r049005
005 20231002114909.2
041 0 |a slo 
044 |a SK 
245 1 0 |a Trh s ovocím 2002  |c Viera Konečná 
520 |a Pohľad na produkciu ovocia v roku 2002 na Slovensku. Vývoj cien jabĺk. Vývoj nákupných cien broskýň. Odbytové ceny ovocia vypestovaného na Slovensku a z dovozu. Záporná bilancia zahraničného obchodu s ovocím. Očakávaný vývoj produkcie ovocia v roku 2003. 
610 2 0 |a ovocie 
610 2 0 |a trh 
610 2 0 |a produkcia 
610 2 0 |a vývoj cenový 
610 2 0 |a bilancia obchodná 
610 2 0 |a 2002 
610 2 0 |a Slovensko 
100 1 |a Konečná, Viera